000 00617nam a22001697a 4500
003 OSt
005 20251125171833.0
008 251125b |||||||| |||| 00| 0 eng d
020 _a 978-621-406-270-6
040 _aDWC-Main lib
_cOC
082 _aFil. 499.2115 B198m 2020
100 _aBalunsay, Jovert R.
245 _aMaunlad na pananaliksik sa Filipino (mga teorya at panitikan sa pananaliksik sa wika, panitikan , at kultura)/
_cJovert R. Balunsay
260 _aIntramuros, Manila :
_bMindshapers co. inc.,
_cc2020.
300 _ax , 226 pages :
_billustrations ;
_c26cm.
942 _2ddc
_cBK - FIL
_kFil.
_n0
999 _c6333
_d6333